Statistics for NFL Players Who: Had 8+ INTs in a Season

Click here to take the quiz!

General Stats

  • This quiz has been taken 16 times
  • The average score is 53 of 251

Answer Stats

Year INTs Player % Correct
195013Spec Sanders
94%
20138Richard Sherman
88%
195511Will Sherman
88%
20028Rod Woodson
81%
19629Willie Wood
81%
20099Charles Woodson
81%
19748Ray Brown
75%
20128Stevie Brown
75%
20108Ed Reed
75%
19848Dave Brown
75%
19908Richard Johnson
75%
19819Cedric Brown
75%
197610Monte Jackson
69%
19668Clancy Williams
69%
19888Vestee Jackson
69%
19529Bob Smith
69%
19949Aeneas Williams
69%
19978Darryl Williams
69%
196810Willie Williams
69%
20068Walt Harris
63%
198110John Harris
63%
19928Henry Jones
63%
19758Stan White
56%
19918Ronnie Lott
56%
195410Night Train Lane
56%
195012Woodley Lewis
56%
19858Albert Lewis
56%
200610Champ Bailey
50%
197412Emmitt Thomas
50%
19788Pat Thomas
50%
196610Larry Wilson
50%
19638Clendon Thomas
50%
19959Orlando Thomas
50%
195710Milt Davis
44%
19758Dwight Harrison
44%
19688Ben Davis
44%
197511Mel Blount
44%
19509Jerry Davis
44%
20158Marcus Peters
44%
19738Dick Anderson
44%
198013Lester Hayes
38%
200510Ty Law
38%
19639Rosey Taylor
38%
19779Tony Greene
38%
19748Jake Scott
31%
20099Asante Samuel
31%
19939Eugene Robinson
31%
19988Sam Madison
31%
197010Johnny Robinson
31%
19639Dick Lynch
25%
19819Jimmy Allen
25%
197510Paul Krause
25%
19838Lionel Washington
25%
20099Darren Sharper
25%
19859Everson Walls
25%
200510Deltha O'Neal
25%
19958Willie Clay
25%
20048Tory James
25%
19509Tommy James
25%
19898Eric Allen
25%
19839Mark Murphy
19%
19689Kermit Alexander
19%
19719Ken Houston
19%
19729Bill Bradley
19%
200110Ronde Barber
19%
19688Brig Owens
19%
196410Pat Fischer
19%
200710Antonio Cromartie
19%
19949Eric Turner
19%
19528Herb Rich
19%
19428Bulldog Turner
19%
19589Jack Butler
19%
19698Bobby Bryant
19%
19548Tom Landry
13%
19869Deron Cherry
13%
200110Anthony Henry
13%
19868Jerry Gray
13%
20018Doug Evans
13%
20178Darius Slay
13%
19768Mike Haynes
13%
19988Terrell Buckley
13%
19519Lowell Wagner
13%
19738Mike Wagner
13%
194311Sammy Baugh
13%
19789Willie Buchanon
13%
195710Jack Christiansen
13%
19579Bobby Dillon
13%
20028Brian Kelly
13%
196910Mel Renfro
13%
198410Kenny Easley
13%
19548Emlen Tunnell
13%
19819Dwight Hicks
13%
19489Frank Reagan
13%
195310Ray Ramsey
13%
195611Lindon Crow
13%
199010Mark Carrier
13%
19709Dick LeBeau
13%
19708W.K. Hicks
13%
196010Dave Baker
13%
194310Irv Comp
6%
19508Warren Lahr
6%
194912Bob Nussbaumer
6%
19688Bobby Boyd
6%
194813Dan Sandifer
6%
19609Don Burroughs
6%
195311Tom Keane
6%
195310Don Doll
6%
196710Dave Whitsell
6%
195110Howard Hartley
6%
195111Otto Schnellbacher
6%
19588Andy Nelson
6%
19638Richie Petitbon
6%
19449Howie Livingston
6%
19479Bob Forte
6%
19628Yale Lary
6%
194610Bill Dudley
6%
19618Jimmy Patton
6%
196010Jerry Norton
6%
194710Frank Seno
6%
20178Kevin Byard
6%
19698Lem Barney
6%
197912Mike Reinfeldt
6%
198810Scott Case
6%
19948Ray Buchanan
6%
19888Carl Lee
6%
19969Tyrone Braxton
6%
19869Mark Lee
6%
19868Issiac Holt
6%
19868Ronnie Lippett
6%
19858Eugene Daniel
6%
19849Tom Flynn
6%
19899Felix Wright
6%
19838Ken Riley
6%
20039Tony Parrish
6%
198010Gary Barbaro
6%
20039Brian Russell
6%
19799Lemar Parrish
6%
19788Rod Perry
6%
20158Reggie Nelson
6%
20129Tim Jennings
6%
19759Rolland Lawrence
6%
197710Lyle Blackwood
6%
20099Jairus Byrd
6%
20068Nnamdi Asomugha
6%
197810Thom Darden
6%
19478Red Cochran
0%
19518Jim Cason
0%
19438Don Hutson
0%
19538Tom Brookshier
0%
19939Nate Odomes
0%
20058Nathan Vasher
0%
19968Ashley Ambrose
0%
20068Rashean Mathis
0%
19978Mark McMillian
0%
20008Dexter McCleon
0%
19978Keith Lyle
0%
19508Joe Sutton
0%
19499George Sims
0%
20018Ryan McNeil
0%
19488Johnny Lujack
0%
20078O.J. Atogwe
0%
20019Kwamie Lassiter
0%
20038Corey Chavous
0%
19478Tom Harmon
0%
19508Chick Maggioli
0%
19928Audray McMillian
0%
19888Erik McMillan
0%
19898David Fulcher
0%
19618Don Bishop
0%
19718Mike Bass
0%
19728Mike Sensibaugh
0%
19688Spider Lockhart
0%
19678Bob Jeter
0%
19678Eddie Meanor
0%
19668Ross Fichtner
0%
19668Mike Howell
0%
19668Joe Scarpati
0%
19789Ken Stone
0%
19808Ken Schroy
0%
19808Nolan Cromwell
0%
19819Dennis Thurman
0%
19618Johnny Sample
0%
19888Terry Hoage
0%
19838Beasley Reece
0%
19838Vann McElroy
0%
19608Bobby Franklin
0%
19608Jim Shofner
0%
19869Dave Wayner
0%
19579John Symank
0%
19578Dicky Moegle
0%
19879Barry Wilburn
0%
19568Norb Hecker
0%
19718Charlie Stukes
0%
19559Bibbles Bawel
0%
19549Dick Alban
0%
19548Bob Hudson
0%
19768Joe Lavender
0%

Score Distribution

Percentile by Number Answered

Percent of People with Each Score

Your Score History

You have not taken this quiz